Statistics for The Nirvana Quiz

Click here to take the quiz!

General Stats

  • This quiz has been taken 389 times
  • The average score is 8 of 14

Answer Stats

HintAnswer% Correct
Name all three albums:Nevermind
96%
In Utero
91%
Lead:Kurt Cobain
81%
Top 5 songs:Smells like teen spirit
78%
Drums:Dave Grohl
77%
How did Kurt die?Suicide
76%
Come As You Are
71%
Heart Shaped Box
64%
How did he do it?Self inflicted shotgun wound to the face
61%
In Bloom
46%
(bonus album)*MTV Unplugged
38%
About A Girl
36%
Breed
20%
Bass:Krist Novolselic
1%

Score Distribution

Percentile by Number Answered

Percent of People with Each Score

Your Score History

You have not taken this quiz